Les pays les moins démocratiques de la planète - Statistiques

Statistiques générales
  • Ce quiz a été pris 120 fois
  • Le résultat moyen est 9 sur 17
Statistiques - réponses
Indice de démocratie Réponse % Correct
1,08 Corée du Nord
96%
1,94 Chine
86%
1,96 Iran
78%
0,32 Afghanistan
77%
1,48 République démocratique du Congo
73%
1,43 Syrie
70%
2,06 Libye
58%
1,95 Yémen
54%
1,99 Biélorussie
48%
1,66 Turkménistan
42%
0,74 Birmanie
38%
1,67 Tchad
38%
2,03 Erythrée
37%
1,94 Tadjikistan
36%
1,35 République Centrafricaine
31%
1,77 Laos
23%
1,92 Guinée Equatoriale
15%
Aucun quiz correspondant
Distribution des résultats
% des personnes avec chaque résultat
Percentile par nombre de réponses
Votre historique - résultats
Vous n’avez pas pris ce quiz